El estilo Coca-Cola: estrategias para competir en un mercado global
Salvato in:
| Autori principali: | , , , , , , , , , , |
|---|---|
| Natura: | Libro |
| Lingua: | spagnolo |
| Pubblicazione: |
Barcelona
Deusto
2007
|
| Serie: | Grandes Casos Empresariales
|
| Soggetti: | |
| Tags: |
Aggiungi Tag
Nessun Tag, puoi essere il primo ad aggiungerne!!
|
MARC
| LEADER | 00000cam a2200000 a 4500 | ||
|---|---|---|---|
| 001 | UCG1986 | ||
| 003 | CL-VaPUC | ||
| 008 | 100531e20070000SP |||||||||||||||||spa|d | ||
| 020 | |a 8423424804 | ||
| 082 | 0 | 4 | |a 658.18 |b PEN |2 21 |
| 100 | 0 | |a Pendergrast, Mark |e author |9 550140 | |
| 700 | 0 | |a Vrontis, Demetris |e author |9 550141 | |
| 700 | 0 | |a Sharp, Ian |e author |9 550142 | |
| 700 | 0 | |a Mok, Vicent |e author |9 550143 | |
| 700 | 0 | |a Dai, Xiudian |e author |9 550144 | |
| 700 | 0 | |a Yeung, Godfrey |e author |9 550145 | |
| 700 | 0 | |a Taylor, Maureen |e author |9 550146 | |
| 700 | 0 | |a Mohn, Carrol |e author |9 550147 | |
| 700 | 0 | |a Dana, Leo-Paul |e author |9 550148 | |
| 700 | 0 | |a Oldfield, Brenda M |e author |9 550149 | |
| 700 | 0 | |a Payne, Jerry L |e author |9 550150 | |
| 245 | 1 | 3 | |a El estilo Coca-Cola: estrategias para competir en un mercado global |
| 300 | |a 190 p | ||
| 942 | |c BK | ||
| 945 | |d 20100531 00:00:00 |a dcastane | ||
| 260 | |a Barcelona |b Deusto |c 2007 | ||
| 600 | 0 | 7 | |a COCA-COLA |2 CL-VaPUC |9 550151 |
| 650 | 0 | |a Empresas |9 255569 | |
| 650 | 0 | |a Competencia |9 269688 | |
| 650 | 0 | |a Administración de empresas |9 260833 | |
| 650 | 0 | |a Desarrollo económico |9 259599 | |
| 650 | 7 | |a PROYECCIONES ECONOMICAS |2 CL-VaPUC |9 318710 | |
| 650 | 7 | |a MERCADO GLOBAL |2 CL-VaPUC |9 550152 | |
| 583 | |a last modification |c 20151103 11:55:59 |k Rodrigo Vera | ||
| 490 | 0 | |a Grandes Casos Empresariales | |
| 999 | |c 341229 |d 341227 | ||
| 952 | |0 0 |1 0 |4 0 |6 658_180000000000000_PEN_2007 |7 0 |8 A |9 436593 |a BIBCUR |b BIBCUR |d 2019-11-22 |i 4682998 |o 658.18 PEN 2007 |p 4682998 |r 2025-04-22 |w 2019-11-22 |y BK |k PER | ||
| 952 | |0 0 |1 0 |3 erd |4 0 |6 658_180000000000000_PEN_2007 |7 0 |8 A |9 436594 |a BIBENE |b BIBENE |i 5247411 |l 3 |o 658.18 PEN 2007 |p 5247411 |r 2025-01-15 |s 2024-10-03 |w 2019-11-22 |y BK |z Catalogado en:20151106 |k ICO | ||